MLB Minnesota Twins Season Home Run Leaders - Statistics

General Stats
  • This quiz has been taken 31 times
    7 since last reset
  • The average score is 42 of 133
Answer Stats
Year Player % Correct
1986 | 1988 Gary Gaetti
86%
1959 | 1961 | 1962 | +9 others Harmon Killebrew
86%
1992 | 1994 Kirby Puckett
86%
2006 | 2007 | 2008 Justin Morneau
71%
1987 | 1989 | 1990 | 1993 Kent Hrbek
71%
2001 | 2002 | 2003 Torii Hunter
71%
2022 | 2025 Byron Buxton
57%
1991 Chili Davis
57%
2000 | 2005 Jacque Jones
57%
1983 | 1984 | 1985 Tom Brunansky
57%
1968 Bob Allison
43%
2012 Josh Willingham
43%
1977 Larry Hisle
43%
2019 | 2020 Nelson Cruz
43%
1954 | 1955 | 1956 | +2 others Roy Sievers
43%
Walter Johnson
43%
1937 | 1939 Buddy Lewis
29%
2004 Corey Koskie
29%
1916 Elmer Smith
29%
1982 Gary Ward
29%
1940 Gee Walker
29%
1907 Jim Delahanty
29%
1903 Jimmy Ryan
29%
1930 | 1931 Joe Cronin
29%
1995 | 1996 | 1997 Marty Cordova
29%
2023 Max Kepler
29%
2009 | 2011 Michael Cuddyer
29%
1978 | 1979 | 1981 Roy Smalley
29%
2013 | 2014 | 2015 | +2 others Brian Dozier
14%
2024 Carlos Santana
14%
1975 | 1976 Dan Ford
14%
1949 Eddie Robinson
14%
2018 Eddie Rosario
14%
1923 | 1924 | 1925 | +4 others Goose Goslin
14%
1945 Harlond Clift
14%
1932 | 1934 Heinie Manush
14%
1935 | 1936 Jake Powell
14%
1960 Jim Lemon
14%
2010 Jim Thome
14%
1933 Joe Kuhel
14%
1980 John Castino
14%
2021 Jorge Polanco
14%
1998 Matt Lawton
14%
1942 | 1953 Mickey Vernon
14%
1999 Ron Coomer
14%
1943 | 1944 | 1946 | 1947 Stan Spence
14%
1938 Zeke Bonura
14%
1921 Bing Miller
0%
1973 | 1974 Bobby Darwin
0%
1909 Bob Unglaub
0%
1920 Braggo Roth
0%
1948 Bud Stewart
0%
1906 Charlie Hickman
0%
1915 Chick Gandil
0%
Clyde Milan
0%
Danny Moeller
0%
Dave Altizer
0%
1910 | 1911 Doc Gessler
0%
1951 | 1952 Eddie Yost
0%
Gil Coan
0%
Howie Shanks
0%
1950 Irv Noren
0%
1941 Jake Early
0%
1904 | 1905 Jake Stahl
0%
1917 | 1922 Joe Judge
0%
Kid Elberfeld
0%
1919 Mike Menosky
0%
1918 Nick Altrock
0%
1908 Ollie Pickering
0%
No matching quizzes found
Score Distribution
Percent of People with Each Score
Percentile by Number Answered
Your Score History
You have not taken this quiz since the last reset